000 00862nam0a22002651 4500
001 RU\NLR\INFOCOMM_46\5000720711
005 20250613100558.0
035 _a(NLR Aleph) 009350981
090 _a9557433
_c9557433
100 _a20101116d1910 |||y0rusy50 ca
101 0 _ager
102 _aRU
_aUA
105 _aa ||||000|y
200 1 _aSoll und haben
_fMit dem Bildnis und der Biographie G. Freytags
_gSchulausg. für die oberen Klassen von P. Ney
205 _a3. Aufl.
210 _aSt. Petersburg
_aKiew
_d1910
215 _a264 с., 1 л. портр.
_cил., портр.
_d18 см
225 1 _aDeutsche Autoren
_vBd. 14
686 _aЯ278-1000
_2rubbk
700 1 _4070
_7ba
_8ger
_aFreytag
_bG.
_f1816-1895
_gGustav
_9266704
_3RU\NLR\AUTH\770266760
801 1 _aRU
_bNLR
_c20101116
801 0 _aRU
_bNLR
_gPSBO
852 _aNLR
_j68/690
942 _cBOOK
980 _aNB